000 00436ntaaa2200169 4500
003 01
005 20251027202625.0
008 0714s1973 ag 01
040 _aAR-BaBN
_bspa
_cAR-BaBN
_eaacr
_dRIC
082 _a371.0000 P93
100 _aPrice, J.M.
_97056
245 _aJesus the teacher
250 _a1 ed.
260 _aNashville :
_bSunday School Board of the Southern Baptist Convention,
_cc1946
300 _a136 p
942 _cBK
999 _c21379
_d21379